000 00779nam a2200205 i 4500
001 58988
003 ES-MaACL
005 20230906163932.0
007 t|
008 031027s1987 sp a |||| | spa d
245 0 0 _aEcosistemas madrileños /
_cedición, Antonio López Lillo ; autores, María Teresa Munitis Amiano ... [et al.].
260 _aMadrid :
_bComunidad de Madrid, Consejería de Agricultura y Ganadería, Dirección General del Medio Rural,
_c[1987]
300 _a122 p. :
_bil. col. y n. ;
_c30 x 42 cm.
500 _aÍndice.
504 _aBibliografía: p. 121-122.
650 4 _aEcosistemas-
_zMadrid (Comunidad Autónoma)
_9169389
700 1 _aLópez Lillo, Antonio.
_973724
700 1 _aMunitis Amiano, María Teresa.
_9169390
852 _aES-MaACL
_jB-473
999 _c58988
_d58988